000 00832cab a2200217 i 4500
001 768714001
003 CO-MdFUSB
005 20250718161935.0
008 170519s1998 cr ||||| |||| 00| 0 spa d
022 _a1409-1968
040 _aCO-MdFUSB
_bspa
_cCO-MdFUSB
_dCO-MdFUSB
041 _aspa
100 1 _aCampos, Teodoro
_eautor
245 1 0 _a¿Quién tenía razón, Pablo o Bernabé?
_c/ Teodoro Campos
300 _aVolumen 15, número 4 (julio - septiembre, 1998), páginas: 44 - 48
_c; 27 cm
520 _aLo que produjo este desacuerdo entre Pablo y Bernabé fue lo que tenían en común, y no sus diferencias.
650 7 _aGestión de conflictos
_92119
773 0 _tApuntes Pastorales
_049442
_960168
_gVolumen 15, número 4 (julio - septiembre, 1998), páginas: 44 - 48
_qpágina: 44
942 _cANA
945 _aJTF-925
999 _c58878
_d58878